NHL Leading Goal-Scorers 2017-2018 - Statistics

General Stats
  • This quiz has been taken 258 times
    224 since last reset
  • The average score is 12 of 15
Answer Stats
# Team Goals Player % Correct
1 Washington Capitals 49 Alexander Ovechkin
100%
6 Edmonton Oilers 41 Connor McDavid
95%
4 Pittsburgh Penguins 42 Evgeni Malkin
95%
12 New York Islanders 37 John Tavares
89%
10 Colorado Avalanche 39 Nathan MacKinnon
88%
13 Dallas Stars 36 Jamie Benn
87%
11 Tampa Bay Lightning 39 Nikita Kucherov
87%
7 Dallas Stars 40 Tyler Seguin
85%
2 Winnipeg Jets 44 Patrik Laine
82%
15 Boston Bruins 35 David Pastrnak
81%
3 Vegas Golden Knights 43 William Karlsson
80%
9 New Jersey Devils 39 Taylor Hall
70%
8 New York Islanders 40 Anders Lee
64%
5 Minnesota Wild 42 Eric Staal
50%
14 Toronto Maple Leafs 36 James Van Riemsdyk
28%
No matching quizzes found
Score Distribution
Percent of People with Each Score
Percentile by Number Answered
Your Score History
You have not taken this quiz since the last reset